| 000 | 01464cam a2200433 4500 | ||
|---|---|---|---|
| 003 | PE-LiUPU | ||
| 005 | 20250731173259.0 | ||
| 020 | _a8425414679 | ||
| 035 | _a(Sirsi) i9788425414671 | ||
| 035 | _a(Sirsi) 13640 | ||
| 035 | _a(Sirsi) 13640 | ||
| 041 | _aes | ||
| 044 | _aes | ||
| 082 | 0 | 4 |
_a262.7 _bA88 |
| 100 | 1 | _aAuer, Johann | |
| 245 |
_aCurso de Teología dogmátic : _bLa iglesia: Sacramento universal de salvación. |
||
| 264 | 1 |
_aBarcelona : _bEditorial Herder, _c1986 |
|
| 300 |
_a496 páginas ; _c21 cm. |
||
| 505 | 0 | _aVías para la recta comprensión de la iglesia -- Vías para un concepto teológico -- Las manifestaciónes del ser, la vida y la acción de la iglesia entendida desde su estructura sacramental -- Tareas y caminos para que la iglesia se realice | |
| 526 | _aSEG42 | ||
| 526 | _aSEG41 | ||
| 526 | _aSEG40 | ||
| 526 | _aSEG39 | ||
| 526 | _aP94 | ||
| 526 | _aP87 | ||
| 526 | _aP86 | ||
| 526 | _aP85 | ||
| 526 | _aP77 | ||
| 526 | _aP76 | ||
| 526 | _aP35 | ||
| 650 | _jIGLESIA | ||
| 700 | 1 | _aRatzinger, Joseph | |
| 942 |
_2ddc _cBOOK |
||
| 949 |
_a262.7 A88 _i25470 _lCCODEBUL1 _mBUL _tLIBRO _o.STAFF. Circulación |
||
| 859 |
_q25470 _h262.7 _iA88 |
||
| 910 | _aaj-em | ||
| 596 | _a1 | ||
| 999 |
_a262.7 A88 _wDEWEY _c43990 _i25470 _f2021-11-10 _g5 _lCCODEBUL1 _mBUL _r0 _sY _tBOOK _u2015-6-16 _xTEOLOGIA _zUNKNOWN _0COMPRA _o.STAFF. Colección General _d43990 |
||
| 980 |
_81 _gALBERTO SANCHEZ Responsable de Automatización |
||